000 00854nam a2200265 i 4500
001 15607
003 ES-MaACL
005 20230906151120.0
007 t|
008 000405s1999 sp ||||1| spa d
020 _a84-493-0654-X
080 _a611.8
080 _a612.8
100 1 _aGuimón Ugartechea, José.
_960849
245 1 4 _aLos lugares del cuerpo
_b: neurobiología y psicosociología de la corporidad /
_cJosé Guimón.
260 _aBarcelona :
_bPaidós Ibérica :
_bFundació Vidal i Barraquer,
_c[1999]
300 _a287 p. ;
_c22 cm.
490 1 _aTemas de salud mental ;
_v6
650 1 4 _aNeuroanatomía.
_915523
650 1 4 _aNeurofisiología.
_915528
710 2 _aFundació Vidal i Barraquer.
_94208
830 0 _aTemas de salud mental ;
_v6
_9228591
852 _aES-MaACL
_jL-22703
_bR.128077
999 _c15607
_d15607